000 01006nam a2200301Ia 4500
001 38963
003 IT-RoPAU
008 130308s9999 xx 000 0 und d
040 _aIT-RoPAU
040 _cIT-RoPAU
041 _aFRANCESE
100 _aMear Annie
100 _gCodice Aut. SPICS: 17716
245 _aAgora electronique (L'): mythes et realites
245 _bCommunication (La)-Symposium de l'association de Psychologie Scientifique de Langue Francaise (Montreal, 1983)
250 _a1a ed.
260 _aPARIS
260 _bPresses Universitaires France
260 _c1985 [1° Ed.:1985 - Ed.Ling.Originale:1983]
300 _a"20 p. (prefazione: no ; testo: 20 [pagine: 311-330])"
500 _aTecniche della Comunicazione Miti e Realtà Impatti Sociali delle nuove reti di Comunicazione Pericoli dell'Informatizzazione
650 _aSAGGI DI COMUNICAZIONE SOCIALE
650 _eCodice materia Spics: 3807
942 _cBK
957 _71
999 _c44628
_d44628
999 _bSI
999 _g1